00328nam a22001097a 4500082000800000100001600008245007300024260003700097300001900134650003700153700002800190 a621 aZeb, Ayesha aActive Noise Control of Impulsive Noise using Adaptive /cAyesha Zeb aIslamabad :bCEME - NUST,c2016. a69 p. ;c30cm. aElectrical Engineering-MS-Thesis aDr. Shahzad Amin Sheikh